Ιστορίες φτιαγμένες στη μηχανή

Αποθηκεύτηκε σε:
Λεπτομέρειες βιβλιογραφικής εγγραφής
Κύριος συγγραφέας: Rodari, Gianni
Μορφή: Βιβλίο
Γλώσσα:Greek
Δημοσίευση: Αθήνα : Τεκμήριο, 1983
Θέματα:
Ετικέτες: Προσθήκη ετικέτας
Δεν υπάρχουν, Καταχωρήστε ετικέτα πρώτοι!

MARC

LEADER 00000nam a2200000 i 4500
001 1/71105
008 960312s1983 gre d
035 |a 1989  |b 2  |c Δωρεά  |l 10030850 
040 |a GR-MY-UA  |b gre  |e aacr 
041 0 |a gre 
082 0 |a 808.0683 
100 1 |a Rodari, Gianni. 
245 1 0 |a Ιστορίες φτιαγμένες στη μηχανή /  |c Τζιάννι Ροντάρι ; μετάφραση Νάσα Μπαμπάκου 
260 |a Αθήνα :   |b Τεκμήριο,   |c 1983 
300 |a 174 σ. 
650 0 0 |a Children's stories, Italian  |z Greece. 
650 0 0 |a Children's literature, Italian  |z Greece. 
852 |a INST  |b RHODES  |e 19960312  |h 808.0683 ROD  |p 005400003112  |q 005400003112  |t BK  |y 0 
909 |a Ρ  |b 014773  |c 1989